000 00513nam a2200169 4500
001 135882
003 ES-MaACL
005 20231230062959.0
007 t|
008 070214s1950 sp r ||||1| spa d
100 1 _aRuiz Contreras, Luis,
_d1863-1953
_9100711
245 1 0 _aDía tras día
_b: corespondencia particular : (1908-1922) /
_cLuis Ruiz Contreras.
260 _aMadrid :
_bAguilar,
_c1950.
300 _a315 p. ;
_c25 cm.
852 _aES-MaACL
_jD-5842
_bR.31290
999 _c135882
_d135882